000 00413nam a2200181Ia 4500
001 4284
005 20260306145744.0
008 260306t2002||||xx |||||||||||||| ||spa||
041 _aESP
082 _a320.11
_bR86
100 _aRousseau, Jean Jacques
_eAUT
245 0 _aEl contrato social
260 _c2002
300 _a173 páginas :
_ccm.
650 _aGEN
654 _aCDE
942 _cLIB
_dJUS
_fJUS
_2ddc
_n
999 _c4284
_d4284